26 Kantone, 26 Persönlichkeiten - Statistiken

Allgemein
  • Dieses Quiz wurde 23 mal gespielt
  • Das Durchschnittsergebnis liegt bei 19 aus 26
Antwortstatistiken
Persönlichkeit Kanton % Korrekt
FR Alain Berset Freiburg
93%
GR Alberto Giacometti Graubünden
86%
NW Marco Odermatt Nidwalden
86%
ZH Alfred Escher Zürich
86%
BS Roger Federer Basel-Stadt
79%
BE Friedrich Dürrenmatt Bern
79%
TI Mario Botta Tessin
79%
GE Guillaume-Henri Dufour Genf
79%
NE Le Corbusier Neuenburg
79%
OW Niklaus von Flüe Obwalden
79%
SZ Wendy Holdener Schwyz
79%
UR Wilhelm Tell Uri
79%
AG DJ BoBo Aargau
71%
VD François-Louis Cailler Waadt
71%
VS Pirmin Zurbriggen Wallis
71%
ZG Marco Rima Zug
71%
BL DJ Antoine Basel-Landschaft
64%
JU Steve Guerdat Jura
64%
LU Emil Steinberger Luzern
64%
SH Thomas Minder Schaffhausen
64%
SG Paul Grüninger St. Gallen
64%
AI Simon Enzler Appenzell Innerrhoden
57%
AR Andrea Caroni Appenzell Ausserrhoden
57%
GL Anna Göldi Glarus
57%
TG Mona Vetsch Thurgau
57%
SO Gökhan Inler Solothurn
50%
Keine übereinstimmenden Quizze gefunden
Verteilung der Resultate
Anzahl Personen mit jedem Resultat
Perzentil nach korrekt beantworteten Fragen
Ihre Resultats-Entwicklung
Sie haben dieses Quiz noch nicht gespielt